関西空港に就航している航空会社 - Statistics

General Stats
  • This quiz has been taken 51 times
  • The average score is 30 of 65
Answer Stats
Hint Answer % Correct
日本 全日本空輸
100%
日本 日本航空
100%
日本 ピーチ・アビエーション
87%
オセアニア ジェットスター
84%
韓国 大韓航空
77%
韓国 アシアナ航空
68%
韓国 チェジュ航空
68%
中国・台湾 中国東方航空
68%
中国・台湾 中国南方航空
68%
東南アジア シンガポール航空
68%
東南アジア ベトナム航空
65%
東南アジア タイ国際航空
65%
北米・太平洋 ユナイテッド航空
65%
中国・台湾 中国国際航空
61%
中国・台湾 チャイナエアライン
61%
東南アジア マレーシア航空
61%
ヨーロッパ エールフランス航空
61%
ヨーロッパ ルフトハンザドイツ航空
61%
中東 エミレーツ航空
61%
中国・台湾 キャセイパシフィック航空
58%
北米・太平洋 ハワイアン航空
58%
日本 スターフライヤー
55%
中東 エティハド航空
55%
中東 カタール航空
55%
中国・台湾 エバー航空
52%
北米・太平洋 エア・カナダ
52%
韓国 エアプサン
48%
韓国 エアソウル
48%
中国・台湾 春秋航空
48%
ヨーロッパ KLMオランダ航空
48%
日本 ジェットスター・ジャパン
45%
中国・台湾 タイガーエア台湾
45%
中国・台湾 香港航空
45%
東南アジア フィリピン航空
45%
韓国 ジンエアー
42%
韓国 ティーウェイ航空
42%
中国・台湾 上海航空
42%
中国・台湾 香港エクスプレス
42%
東南アジア ベトジェットエア
42%
ヨーロッパ フィンエアー
42%
東南アジア エアアジアX
42%
中国・台湾 マカオ航空
39%
東南アジア スクート
39%
中国・台湾 深圳航空
35%
日本 日本トランスオーシャン航空
32%
中国・台湾 スターラックス航空
32%
東南アジア セブパシフィック航空
32%
東南アジア タイ・エアアジアX
32%
中国・台湾 吉祥航空
29%
中国・台湾 厦門航空
29%
中国・台湾 四川航空
29%
ヨーロッパ ターキッシュ・エアラインズ
29%
韓国 イースター航空
26%
中国・台湾 天津航空
26%
中国・台湾 北京首都航空
26%
中国・台湾 山東航空
23%
中国・台湾 青島航空
23%
中国・台湾 長竜航空
23%
中国・台湾 海南航空
19%
中国・台湾 グレーターベイ航空
19%
東南アジア タイ・ベトジェットエア
19%
東アジア MIATモンゴル航空
19%
東南アジア ジェットスター・アジア
10%
中国・台湾 河北航空
3%
東南アジア エアアジア・フィリピン
3%
No matching quizzes found
Score Distribution
Percent of People with Each Score
Percentile by Number Answered
Your Score History
You have not taken this quiz